| 000 | 00743nam a2200265Ia 4500 | ||
|---|---|---|---|
| 008 | 160216s9999 xx 000 0 und d | ||
| 020 | _a0-619-16035-7 | ||
| 050 | _aComSc TK 5105.5 | ||
| 050 | _b.W45 2004 | ||
| 100 | _aWhite, Curt M. | ||
| 245 | _aData communications and computer networks : | ||
| 245 | _ba business user's approach / | ||
| 245 | _cCurt M. White. | ||
| 250 | _a3rd Edition | ||
| 260 | _aBoston, Massachusetts : | ||
| 260 | _bThomson Course Technology. | ||
| 260 | _c2004 | ||
| 300 | _a520 pages : | ||
| 300 | _bill. (some col.) ; | ||
| 300 | _c28 cm. | ||
| 500 | _aIncludes index. | ||
| 650 | _aComputer network. | ||
| 650 | _aData transmission systems. | ||
| 650 | _aOSI (Computer network standard). | ||
| 999 |
_c290828 _d290828 |
||